|
|
|
|
| LEADER |
01102nam a2200301 a 4500 |
| 001 |
39777 |
| 003 |
BD-DhAAL |
| 008 |
221019t1987 nyua b 001 0 eng d |
| 999 |
|
|
|c 44982
|d 44982
|
| 010 |
|
|
|a 87005701
|
| 020 |
|
|
|a 0393955486
|
| 040 |
|
|
|a DLC
|c DLC
|d DLC
|
| 043 |
|
|
|a d------
|
| 050 |
0 |
0 |
|a HC59.7
|b .E314 1987
|
| 082 |
0 |
0 |
|a 338.9
|2 23
|
| 245 |
0 |
0 |
|a Economics of development /
|c Malcolm Gillis ... [et al.].
|
| 250 |
|
|
|a Second edition
|
| 260 |
|
|
|a New York :
|b Norton,
|c 1987.
|
| 300 |
|
|
|a xv, 623 pages :
|b illustrations ;
|c 24 cm.
|
| 504 |
|
|
|a Includes bibliographical references (pages [587]-610) and index.
|
| 541 |
|
|
|a Donated By Akbar Ali Khan
|e 39777
|
| 650 |
|
0 |
|a Economic development.
|9 51933
|
| 650 |
|
0 |
|a Economics.
|9 51934
|
| 651 |
|
0 |
|a Developing countries
|x Economic policy.
|9 51935
|
| 700 |
1 |
|
|a Gillis, Malcolm.
|9 51936
|
| 852 |
|
|
|a Ayesha Abed Library
|c Akbar Ali Khan Collection
|
| 942 |
|
|
|2 ddc
|c BK
|
| 952 |
|
|
|0 0
|1 0
|2 ddc
|4 0
|6 338_900000000000000_ECO
|7 1
|9 72121
|a BRACUL
|b BRACUL
|c AAKC
|d 2022-10-19
|e Donated by Akbar Ali Khan
|l 0
|o 338.9 ECO
|p 3010039777
|r 2022-10-19
|t 1
|w 2022-10-19
|y BK
|